| 000 | 00828nam a2200193 a 4500 | ||
|---|---|---|---|
| 003 | 0 | ||
| 005 | 20250624084832.0 | ||
| 008 | 021118s19uu xx 00 eng d | ||
| 050 |
_aPHS BF 697.5.B63 _b.It86 1999 |
||
| 100 | _aIto, Mari Santos. | ||
| 245 |
_aThe Effects of weight conciouness in relation to self-concept and interpersonal relationship with others of female students in selected schools / _cMari Santos Ito. |
||
| 260 |
_aLas PiƱas City, Philippines : _bSouthville International School and Colleges, _c1999. |
||
| 300 |
_a29 pages : _billustrations ; _c28 cm. |
||
| 504 | _aIncludes bibliographical references. | ||
| 650 |
_aBody image in adolescence _zPhilippines. |
||
| 650 |
_aSelf-perception in adolescence _zPhilippines. |
||
| 650 |
_aInterpersonal relations in adolescence _zPhilippines. |
||
| 942 |
_2lcc _cPASS |
||
| 999 |
_c96248 _d96248 |
||